000
00285nam a22001337a 4500
003
SGT
082
_a
635
_b
HED
100
_a
HEDRICK U P
245
_a
STURTEVANT'S NOTES ON EDIBLE PLANTS
260
_a
NEW YORK
_b
ALBANY PUB
_c
1919
300
_a
686
650
_a
AG
942
_2
ddc
_c
RARE
999
_c
33759
_d
33759